Lola planta un jardín / (Record no. 21057)
[ view plain ]
| 000 -LEADER | |
|---|---|
| fixed length control field | 02558cam a2200553 i 4500 |
| 001 - CONTROL NUMBER | |
| control field | sjds2065882 |
| 003 - CONTROL NUMBER IDENTIFIER | |
| control field | sjds |
| 005 - DATE AND TIME OF LATEST TRANSACTION | |
| control field | 20180627153230.0 |
| 008 - FIXED-LENGTH DATA ELEMENTS--GENERAL INFORMATION | |
| fixed length control field | 160304s2017 maua a 000 1 spa |
| 010 ## - LIBRARY OF CONGRESS CONTROL NUMBER | |
| LC control number | 2016009138 |
| 020 ## - INTERNATIONAL STANDARD BOOK NUMBER | |
| International Standard Book Number | 9781580897860 |
| Qualifying information | (softcover) |
| 020 ## - INTERNATIONAL STANDARD BOOK NUMBER | |
| International Standard Book Number | 158089786X |
| Qualifying information | (softcover) |
| 020 ## - INTERNATIONAL STANDARD BOOK NUMBER | |
| International Standard Book Number | 9781580897976 |
| Qualifying information | (reinforced for library use) |
| 020 ## - INTERNATIONAL STANDARD BOOK NUMBER | |
| International Standard Book Number | 1580897975 |
| Qualifying information | (reinforced for library use) |
| 035 ## - SYSTEM CONTROL NUMBER | |
| System control number | 1288394 |
| 035 ## - SYSTEM CONTROL NUMBER | |
| System control number | (OCoLC)944339598 |
| 035 ## - SYSTEM CONTROL NUMBER | |
| System control number | (OCoLC)ocn944339598 |
| 035 ## - SYSTEM CONTROL NUMBER | |
| System control number | 1288394 |
| 040 ## - CATALOGING SOURCE | |
| Original cataloging agency | NJQ/DLC |
| Language of cataloging | eng |
| Description conventions | rda |
| Transcribing agency | ZQP |
| Modifying agency | DLC |
| -- | OCLCF |
| 041 1# - LANGUAGE CODE | |
| Language code of text/sound track or separate title | spa |
| Language code of original | eng |
| 042 ## - AUTHENTICATION CODE | |
| Authentication code | lcac |
| -- | pcc |
| 049 ## - LOCAL HOLDINGS (OCLC) | |
| Holding library | IFAA |
| 099 ## - LOCAL FREE-TEXT CALL NUMBER (OCLC) | |
| Filing suffix | 2017 |
| 999 ## - SYSTEM CONTROL NUMBERS (KOHA) | |
| Koha Dewey Subclass [OBSOLETE] | ESPANOL PICTURE BOOKS MCQUINN 2017 |
| 100 1# - MAIN ENTRY--PERSONAL NAME | |
| Personal name | McQuinn, Anna, |
| Relator term | author. |
| 240 10 - UNIFORM TITLE | |
| Uniform title | <a href="Lola plants a garden.">Lola plants a garden.</a> |
| Language of a work | Spanish |
| 245 10 - TITLE STATEMENT | |
| Title | Lola planta un jardín / |
| Statement of responsibility, etc. | Anna McQuinn ; ilustrado por Rosalind Beardshaw ; translated by Carlos E. Calvo. |
| 260 ## - PUBLICATION, DISTRIBUTION, ETC. (IMPRINT) | |
| Place of publication, distribution, etc. | Watertown, MA : |
| Name of publisher, distributor, etc. | Charlesbridge, |
| Date of publication, distribution, etc. | [2017] |
| 264 #1 - PRODUCTION, PUBLICATION, DISTRIBUTION, MANUFACTURE, AND COPYRIGHT NOTICE | |
| Place of production, publication, distribution, manufacture | Watertown, MA : |
| Name of producer, publisher, distributor, manufacturer | Charlesbridge, |
| Date of production, publication, distribution, manufacture, or copyright notice | [2017] |
| 300 ## - PHYSICAL DESCRIPTION | |
| Extent | 1 volume (unpaged) : |
| Other physical details | color illustrations ; |
| Dimensions | 25 cm |
| 336 ## - CONTENT TYPE | |
| Content type term | text |
| Content type code | txt |
| Source | rdacontent |
| 336 ## - CONTENT TYPE | |
| Content type term | still image |
| Content type code | sti |
| Source | rdacontent |
| 337 ## - MEDIA TYPE | |
| Media type term | unmediated |
| Media type code | n |
| Source | rdamedia |
| 338 ## - CARRIER TYPE | |
| Carrier type term | volume |
| Carrier type code | nc |
| Source | rdacarrier |
| 520 ## - SUMMARY, ETC. | |
| Summary, etc. | Inspired by a collection of garden poems, Lola wants to grow her own garden of silver bells and cockle shells and pretty maids in a row. Lola plants a flower garden with her parent's help, and watches it grow. |
| 520 ## - SUMMARY, ETC. | |
| Summary, etc. | Spanish translation of English summary: Inspirada en una colección de poemas de jardín, Lola quiere cultivar su propio jardín de campanas de plata y cáscaras de berberechos y bonitas criadas en fila. Lola planta un jardín de flores con la ayuda de sus padres y observa cómo crece. |
| 526 0# - STUDY PROGRAM INFORMATION NOTE | |
| Program name | Accelerated Reader AR |
| Interest level | LG |
| Reading level | 1.5 |
| Title point value | 0.5 |
| Public note | 169210. |
| 546 ## - LANGUAGE NOTE | |
| Language note | Text in Spanish = Texto en español. |
| 650 #0 - SUBJECT ADDED ENTRY--TOPICAL TERM | |
| Topical term or geographic name as entry element | Flower gardening |
| Form subdivision | Juvenile fiction. |
| 650 #0 - SUBJECT ADDED ENTRY--TOPICAL TERM | |
| Topical term or geographic name as entry element | African American girls |
| Form subdivision | Juvenile Fiction. |
| 650 #0 - SUBJECT ADDED ENTRY--TOPICAL TERM | |
| Topical term or geographic name as entry element | African American families |
| Form subdivision | Juvenile fiction. |
| 650 #7 - SUBJECT ADDED ENTRY--TOPICAL TERM | |
| Topical term or geographic name as entry element | Jardinería de flores |
| Form subdivision | Novela juvenil. |
| Source of heading or term | bidex |
| 650 #7 - SUBJECT ADDED ENTRY--TOPICAL TERM | |
| Topical term or geographic name as entry element | Chicas afronorteamericanos |
| Form subdivision | Novela juvenil. |
| Source of heading or term | bidex |
| 650 #7 - SUBJECT ADDED ENTRY--TOPICAL TERM | |
| Topical term or geographic name as entry element | Familias afroamericanas |
| Form subdivision | Novela juvenil. |
| Source of heading or term | bidex |
| 700 1# - ADDED ENTRY--PERSONAL NAME | |
| Personal name | Beardshaw, Rosalind, |
| Relator term | illustrator. |
| 700 1# - ADDED ENTRY--PERSONAL NAME | |
| Personal name | Calvo, Carlos E., |
| Relator term | translator. |
| 776 08 - ADDITIONAL PHYSICAL FORM ENTRY | |
| Relationship information | Online version: |
| Main entry heading | McQuinn, Anna. |
| Title | Lola planta un jardin. |
| Edition | First US edition. |
| Place, publisher, and date of publication | Watertown, MA : Charlesbridge, [2017] |
| International Standard Book Number | 9781632895936 |
| Record control number | (DLC) 2016012105 |
| 942 ## - ADDED ENTRY ELEMENTS (KOHA) | |
| Koha item type | Libro/Book |
No items available.